| 000 | 00883nam a22002777a 4500 | ||
|---|---|---|---|
| 003 | CHAP | ||
| 005 | 20220329135016.0 | ||
| 008 | 971013s1981 r 00010 d | ||
| 010 | _a29451 | ||
| 011 | _a30423 | ||
| 035 | _a34535 | ||
| 040 | _cCHAP | ||
| 090 | _aFolleto 7132 | ||
| 100 | 0 | 0 |
_aLeos RodrÃguez, Juan Antonio. _966243 |
| 245 |
_aPonderación del sistema productivo mexicano _b: el sector primario y el Sistema Alimentario Mexicano |
||
| 260 |
_a(s.l. : _bs.e.), _c1981 |
||
| 300 | _a39 h. | ||
| 590 |
_aBATCH-UPD _b10 _c20130110 _lUCH01 _h1559 |
||
| 590 |
_aBATCH-UPD _b10 _c20130410 _lUCH01 _h0956 |
||
| 590 |
_aBATCH-UPD _b10 _c20130914 _lUCH01 _h1722 |
||
| 590 |
_aCONVERSION _b10 _c20130109 _lUCH01 _h1317 |
||
| 650 | 1 | 4 |
_aAgricultura _xAspectos economicos _zMexico. _91312 |
| 901 | _aBK | ||
| 942 | _cFOLL | ||
| 949 |
_aFolleto 7132 _bBC _cFOLL _d-79863 _eTS1 _i34535 _mD _si |
||
| 999 |
_c29451 _d29451 |
||